书目信息 |
| 题名: |
启发式综合教学理论与实践
|
|
| 作者: | 束炳如 著 | |
| 分册: | ||
| 出版信息: | 北京 教育科学出版社 1996 |
|
| 页数: | 338页 | |
| 开本: | 20cm | |
| 丛书名: | ||
| 单 册: | ||
| 中图分类: | G632.41 , G426 | |
| 科图分类: | ||
| 主题词: | 启发式教学--研究--中学 | |
| 电子资源: | ||
| ISBN: | 7-5041-1558-4 | |
| 000 | 00723nam0 2200241 45 | |
| 001 | 0196035731 | |
| 005 | 20061109165022.62 | |
| 010 | @a7-5041-1558-4@dCNY13.80 | |
| 100 | @a19960807d1996 em y0chiy0121 ea | |
| 101 | 0 | @achi |
| 102 | @aCN@b110000 | |
| 105 | @ay z 000yy | |
| 106 | @ar | |
| 200 | 10 | @a启发式综合教学理论与实践@AQI FA SHI ZONG HE JIAO XUE LI LUN YU SHI JIAN@f束炳如等著@FSHU BING RU DENG ZHU |
| 210 | @a北京@c教育科学出版社@d1996 | |
| 215 | @a338页@d20cm | |
| 300 | @a江苏省教育科学研究所“七五”和“八五”课题之一 | |
| 606 | @a启发式教学@x研究@x中学 | |
| 690 | @aG632.41@v3 | |
| 690 | @aG426@v3 | |
| 701 | 0 | @a束炳如@ASHU BING RU@4著 |
| 801 | 0 | @aCN@bNLC@c20061109 |
| 905 | @f1@b275239@dG426@e68 | |
| 启发式综合教学理论与实践/束炳如等著.-北京:教育科学出版社,1996 |
| 338页;20cm |
| 江苏省教育科学研究所“七五”和“八五”课题之一 |
| ISBN 7-5041-1558-4:CNY13.80 |
| ● |
| 相关链接 |
|
|
|
|
正题名:启发式综合教学理论与实践
索取号:G426/68
 
预约/预借
| 序号 | 登录号 | 条形码 | 馆藏地/架位号 | 状态 | 备注 |
| 1 | 0275238 | 001997254 | 第一样本阅览室/ [索取号:G426/68] | 在馆 | |
| 2 | 0275239 | 001583147 | 第四借阅区/ [索取号:G426/68] | 在馆 | |
| 3 | 0275240 | 001583138 | 第一样本阅览室/ [索取号:G426/68] | 在馆 |